Normal view
MARC view
- Sanal Joseph
Entry Personal Name
001 - CONTROL NUMBER
- control field: 3588
003 - CONTROL NUMBER IDENTIFIER
- control field: OSt
005 - DATE AND TIME OF LATEST TRANSACTION
- control field: 20181008114843.0
008 - FIXED-LENGTH DATA ELEMENTS
- fixed length control field: 181008|| aca||aabn | a|a d
040 ## - CATALOGING SOURCE
- Original cataloging agency: OSt
- Transcribing agency: OSt
100 ## - HEADING--PERSONAL NAME
- Personal name: Sanal Joseph
670 ## - SOURCE DATA FOUND
- Source citation: Work cat.: (OSt)15126: ANJALI K. U 3586, Development and quality evaluation of nutraceutical pasta
